Normal view
MARC view
- DS Maj Ijaz
Entry Personal Name
001 - CONTROL NUMBER
- control field: 47896
003 - CONTROL NUMBER IDENTIFIER
- control field: NUST
005 - DATE AND TIME OF LATEST TRANSACTION
- control field: 20210314133927.0
008 - FIXED-LENGTH DATA ELEMENTS
- fixed length control field: 210314|| aca||aabn | a|a d
040 ## - CATALOGING SOURCE
- Original cataloging agency: NUST
- Transcribing agency: NUST
100 ## - HEADING--PERSONAL NAME
- Personal name: DS Maj Ijaz
670 ## - SOURCE DATA FOUND
- Source citation: Work cat.: (NUST): SGT. Ayaz Masud 47895, Computer Aided Slab Design Program , 26.4.2004
